000
00238nam a2200085Ia 4500
008
170620s9999 xx 000 0 und d
100
_a
Kumar- Kolasani Sunil
245
0
_a
Methods of Teaching Chemistry
260
_b
New Delhi- Discovery Publishing House
260
_c
2004
999
_c
24434
_d
24434